| 000 | 00958nac a22002777a 4500 | ||
|---|---|---|---|
| 001 | BR7375297 | ||
| 003 | BR-BrBNA | ||
| 005 | 20240105113727.0 | ||
| 008 | 230509b bl.|||m| |||| 00| 0 por d | ||
| 040 |
_aBR-BrBNA _bpor _cBiblioteca Nacional de Agricultura |
||
| 072 | _aE70; E10 | ||
| 090 | _aE70 BR7375297 | ||
| 110 | 1 |
_aSecretaria de Estado da Agricultura, Belo Horizonte, MG (Brasil). Depto. de Estudos Rurais _98800 |
|
| 245 | 1 | _aPrecos agricolas em Minas Gerais 1963-1968, pagos pelos agricultores, recebidos pelos agricultores, atacado, varejo [Brasil] | |
| 260 | 3 |
_aBelo Horizonte, MG (Brasil): _c1969. |
|
| 300 | _a100 p. | ||
| 490 |
_aPrecos Agricolas em Minas Gerais (Brazil) _v _x |
||
| 500 | _aNumerical data | ||
| 650 | _aCOMERCIALIZACAO | ||
| 650 | _aMINAS GERAIS | ||
| 650 | _aPRECO | ||
| 650 | _aMERCADO ATACADISTA | ||
| 650 | _aMERCADO VAREJISTA | ||
| 909 |
_a202312 _bLúcia Elande _c55 _dLúcia Elande |
||
| 942 |
_2AGRIS _n0 _cMS |
||
| 999 |
_c265202 _d265202 |
||